000 00818nam a2200229 i 4500
001 38614
003 ES-MaACL
007 t|
008 030226s1981 mx ||||1| spa d
020 _a968-16-0434-2
245 0 3 _aLa burocracia
_b: la trayectoria de un concepto /
_ccompiladores Eugene Kamenka y Martín Krygier ; traducción de Eduardo L. Suárez.
250 _a[1ª ed. en español].
260 _aMéxico :
_bFondo de Cultura Económica,
_c1981.
300 _a289 p. ;
_c17 cm.
490 1 _aBreviarios del Fondo de Cultura Económica ;
_v302
700 1 _aKamenka, Eugene.
_967472
700 1 _aKrygier, Martín.
_968927
700 1 _aSuárez, Eduardo L.
_9108553
830 0 _aBreviarios del Fondo de Cultura Económica ;
_v302
_9179682
852 _aES-MaACL
_jL-8417
_bR.109121
999 _c38614
_d38614